00000000nam 2200000zi 4500
0019.946605
003CaOODSP
00520250108090913
006m     o  d f      
007cr mn|||||||||
008250108e19790430onc     ob   f000 0 fre d
040 |aCaOODSP|bfre|erda|cCaOODSP
043 |an-cn---
045 |ax7x7
0861 |aId46-36/1979F-PDF
24500|aTricots doubles : |brapport au ministre de l'Industrie et du commerce conformément a l'article 19 de la Loi sur la Commission du textile et du vêtement concernant les tricots doubles.
24614|aTricots doubles : |bun rapport au ministre de l'Industrie et du commerce
264 1|aOttawa, Canada : |bCommission du textile et du vêtement = Textile and Clothing Board, |c30 avril 1979.
300 |a1 ressource en ligne (32 pages)
336 |atexte|btxt|2rdacontent/fre
337 |ainformatique|bc|2rdamedia/fre
338 |aressource en ligne|bcr|2rdacarrier/fre
500 |aPublié aussi en anglais sous le titre : Double-knit fabrics: report to the Minister of Industry, Trade and Commerce pursuant to Section 19 of the Textile and Clothing Board Act respecting double-knit fabrics.
500 |aÉdition numérisée de l'imprimé [par Innovation, sciences et développement économique Canada].
504 |aComprend des références bibliographiques.
650 6|aBonneterie|zCanada.
650 6|aArticles de bonneterie|zCanada.
7101 |aCanada. |bCommission du textile et du vêtement, |eorganisme de publication.
77508|tDouble-knit fabrics : |w(CaOODSP)9.938540
85640|qPDF|s454 Ko|uhttps://publications.gc.ca/collections/collection_2025/isde-ised/Id46-36-1979-fra.pdf